00548nam a2200193 a 4500001001300000003000900013005001700022008004100039020002300080082001600103100002200119245008100141260003600222300000900258500003500267505001000302650002000312700002200332nice12345678IN_TiNIC20260116014013.0050524s2003 newa grp 000 0 eng  a0147729 c25000a891.21bSEL aSelby, Martha Ann aCircle of Six Seasonsb a Selection from Old Tamil, Prakrit and Sanskrit Poe aNew DelhibPenguin Books c2003 a163p aincludes index and biblioraphy2 aIndex aSanskrit-Poetry1 aSelby, Martha Ann